Počítač. Základ knižníc a informačných systémov /

Guardado en:
Detalles Bibliográficos
Autor principal: Henley, J.P (Autor)
Formato: Libro
Lenguaje:eslovaco
Publicado: Bratislava : Alfa, 1973
Edición:1. vyd.
Etiquetas: Agregar Etiqueta
Sin Etiquetas, Sea el primero en etiquetar este registro!

MARC

LEADER 00000nam a22000003a 4500
001 stu626
005 20150617225618.5
008 910612s1973----cs------------------slo-d
040 |a STU  |b slo 
041 0 |a slo 
044 |a cs 
080 |a 681.3.02 
080 |a 002 
100 1 |a Henley, J.P  |4 aut 
245 1 |a Počítač. Základ knižníc a informačných systémov /  |c [aut.] Henley,J.P 
250 |a 1. vyd. 
260 |a Bratislava :  |b Alfa,  |c 1973 
300 |a 113 s 
996 |b 284EK05323  |c E*31048  |l EE01  |s A  |a 24  |w stu626_0001 
996 |b 284EK05322  |c E*33255  |l EE0101  |s P  |a 0  |w stu626_0003 
996 |b 284V035060  |c V*8060/O-948a  |l VVS  |s A  |a 24  |w stu626_0005 
996 |b 284EK05359  |c E*33256  |l EE01  |s A  |a 24  |w stu626_0006